000 00235nam a2200097Ia 4500
001 707613
005 20250826162511.0
008 250824s9999 xx 000 0 und d
245 0 _aALTIN IŞIK
_cZİYA GÖKALP
260 _bTİMAŞ YAYINLARI
999 _c707613
_d707613